| 000 | 01059 a2200301 4500 | ||
|---|---|---|---|
| 999 |
_c200130583 _d30506 |
||
| 001 | 200130583 | ||
| 003 | TR-AnTOB | ||
| 005 | 20190917101658.0 | ||
| 008 | 130913b tu 000 0 | ||
| 020 | _a9789750616778 | ||
| 040 |
_aTR-AnTOB _cTR-AnTOB |
||
| 041 | _atur | ||
| 050 |
_aLA948.7 _bA59 2013 |
||
| 090 | _aLA948.7. A59 2013 | ||
| 245 | 1 | 0 | _aYüksek Öğretim Kurulu'nun Kasım 2012 Tarihli "Yeni Yasa Taslağı" Önerisi Üzerine Görüşler ve Bir "Üniversitepler Kanunu" Taslağı |
| 264 | 1 |
_aEskişehir: _bAnadolu Üniversitesi Yayınları, _c2013 |
|
| 300 |
_a74. ; _btablo içerir. |
||
| 336 |
_2rdacontent _atext _btxt |
||
| 337 |
_2rdamedia _aunmediated _bn |
||
| 338 |
_2rdacarrier _avolume _bnc |
||
| 490 | 0 |
_aAnadolu Üniversitesi Yayınları ; _v3017 _aHukuk Fakültesi yayınları ; _v11 |
|
| 700 | 1 |
_aAydın, Ufuk _993314 |
|
| 700 |
_aŞen, İlker Gökhan _9108964 |
||
| 700 | 1 |
_aAkbaş, Kasım _9111679 |
|
| 710 | 2 |
_aAnadolu Üniversitesi. _bTurizm ve Otel İşletmeciliği Yüksekokulu _926638 |
|
| 942 |
_cBK _2lcc |
||